000 00570nam a22001697a 4500
005 20251108171232.0
008 250721s1995 xx 000 0 ara d
082 1 4 _a321/اسم
100 1 _aسعد، إسماعيل علي
245 1 0 _aالمجتمع و السياسية :
_bدراسات في النظريات و المذاهب والنظم /
264 1 _aالأسكندرية :
_bدار المعرفة الجامعية،
_c1995.
300 _a424ص
650 1 7 _aالعلوم السياسة
650 1 7 _aنظم الحكم
942 _2ddc
_cBK
999 _c60042
_d60042